LEADER 01353nam a2200313 a 4500 001 000000124881 003 CaOOAMICUS 005 20110331115129.0 008 110331s2010 it u000 u ita r 020 $a978-88-348-0975-4 040 $aPUL(R)$bita 082 04$a341.48 100 1 $aConfalonieri, Antonietta.$0(OLS)http://pul/name/78897 245 10$aEuropa e giusto processo :$bistruzioni per l'uso /$cAntonietta Confalonieri. 260 $aTorino :$bG. Giappichelli,$c©2010. 300 $a375 p. ;$c24 cm 490 1 $aUniversità degli studi di Urbino "Carlo Bò" 500 $aContiene un indice-sommario. 504 $aBibliografia in nota. 650 4$aDiritto europeo.$0(OLS)http://pul/subject/6492 830 0$aUniversità degli studi di Urbino "Carlo Bò".$pFacoltà di giurisprudenza.$0(OLS)http://pul/title/157448 850 $aPUL 852 $aPUL$W1$xSL Diritto e Scienze Sociali 3$y79$m341. 48 CONAN 1$j143802$qDDC 21$B142815$CPULBib$Z2$F142815 $H116240 $82 941 1 $a9 996 $6020$a978-88-348-0975-4$9(OLS)http://pul/number/146828 996 $6082$a341.48$9(OLS)http://pul/classification/1879 996 $6245$aEuropa e giusto processo :$bistruzioni per l'uso$9(OLS)http://pul/title/157447 996 $6260$aTorino :$bG. Giappichelli$9(OLS)http://pul/publisher/49130 LEADER 00972nam a2200265 u 4500 001 000000054273 003 CaOOAMICUS 005 20070226115644.0 008 001205s1974 it u000 u ita u 035 $a10863177 040 $aPUL(R)$bita 100 1 $aPaci, Enzo,$d1911-1976.$0(OLS)http://pul/name/5666 245 13$aLa filosofia contemporanea /$cEnzo Paci. 260 $aMilano :$bGarzanti,$c1974. 300 $a338 p. ;$c19 cm 490 1 $aI Garzanti 504 $aBibliografia in nota. 650 4$aFilosofia$ySec. XX.$0(OLS)http://pul/subject/1924 830 2$aI Garzanti.$0(OLS)http://pul/title/26266 850 $aPUL 852 $aPUL$W1$xDP1 Fondo Giannini$y60$m1558 B 28$j71516$nBK-PRI$b $qFondi$B71516$CPULBib$Z2$F71516 $H $81 941 1 $a1 961 $aINV: Fondo Giannini 996 $6245$aLa filosofia contemporanea$9(OLS)http://pul/title/44684 996 $6260$aMilano :$bGarzanti$9(OLS)http://pul/publisher/49146